町村の人口トップ100(2000年) - Statistics

General Stats
  • This quiz has been taken 17 times
  • The average score is 81 of 100
Answer Stats
順位 都道府県 所属郡 人口 Answer % Correct
3 広島県 安芸郡 50,673 府中町
100%
15 茨城県 稲敷郡 46,922 阿見町
100%
1 滋賀県 栗太郡 54,856 栗東町
94%
2 岩手県 岩手郡 51,241 滝沢村
94%
9 和歌山県 那賀郡 48,156 岩出町
94%
16 神奈川県 高座郡 46,369 寒川町
94%
19 石川県 石川郡 45,581 野々市町
94%
27 神奈川県 愛甲郡 42,760 愛川町
94%
35 愛知県 知多郡 39,993 武豊町
94%
39 宮城県 柴田郡 39,485 柴田町
94%
40 北海道 河東郡 39,201 音更町
94%
42 静岡県 田方郡 38,611 函南町
94%
4 千葉県 印旛郡 50,431 白井町
88%
6 沖縄県 島尻郡 50,198 豊見城村
88%
12 埼玉県 北葛飾郡 47,336 杉戸町
88%
17 茨城県 那珂郡 45,983 那珂町
88%
20 福岡県 筑紫郡 45,548 那珂川町
88%
22 愛知県 知多郡 45,168 東浦町
88%
26 大阪府 泉南郡 42,914 熊取町
88%
30 群馬県 邑楽郡 41,403 大泉町
88%
32 山梨県 中巨摩郡 40,559 竜王町
88%
34 長崎県 西彼杵郡 40,356 長与町
88%
36 栃木県 下都賀郡 39,853 壬生町
88%
46 埼玉県 大里郡 37,724 寄居町
88%
56 愛知県 海部郡 36,240 蟹江町
88%
57 滋賀県 野洲郡 36,217 野洲町
88%
58 静岡県 駿東郡 36,169 長泉町
88%
59 沖縄県 中頭郡 36,115 読谷村
88%
68 埼玉県 南埼玉郡 35,193 宮代町
88%
70 福岡県 糟屋郡 34,811 粕屋町
88%
71 宮城県 亘理郡 34,770 亘理町
88%
72 富山県 婦負郡 34,528 婦中町
88%
73 茨城県 那珂郡 34,333 東海村
88%
75 石川県 河北郡 34,304 津幡町
88%
80 愛知県 額田郡 33,408 幸田町
88%
82 岐阜県 養老郡 33,256 養老町
88%
83 岩手県 紫波郡 33,038 紫波町
88%
89 神奈川県 中郡 32,259 大磯町
88%
91 熊本県 上益城郡 32,160 益城町
88%
5 茨城県 北相馬郡 50,362 守谷町
82%
8 茨城県 鹿島郡 48,575 神栖町
82%
13 千葉県 山武郡 47,036 大網白里町
82%
21 埼玉県 入間郡 45,488 大井町
82%
24 栃木県 那須郡 43,186 西那須野町
82%
25 鹿児島県 姶良郡 42,969 姶良町
82%
29 福岡県 宗像郡 41,480 福間町
82%
41 茨城県 鹿島郡 39,051 波崎町
82%
44 三重県 三重郡 37,972 菰野町
82%
45 福岡県 糟屋郡 37,794 志免町
82%
49 群馬県 佐波郡 37,522 玉村町
82%
50 埼玉県 比企郡 37,301 小川町
82%
52 愛知県 渥美郡 36,981 田原町
82%
53 愛知県 愛知郡 36,878 東郷町
82%
63 埼玉県 入間郡 35,752 三芳町
82%
77 兵庫県 加古郡 33,766 播磨町
82%
81 愛知県 西春日井郡 33,391 西春町
82%
85 東京都 西多摩郡 32,892 瑞穂町
82%
88 富山県 射水郡 32,356 小杉町
82%
90 埼玉県 北足立郡 32,216 伊奈町
82%
95 兵庫県 揖保郡 31,960 太子町
82%
7 千葉県 印旛郡 50,176 富里町
76%
11 愛知県 西加茂郡 47,684 三好町
76%
23 愛知県 愛知郡 43,306 長久手町
76%
28 愛知県 西春日井郡 42,337 師勝町
76%
31 滋賀県 甲賀郡 41,362 甲西町
76%
43 福岡県 糟屋郡 38,126 宇美町
76%
51 滋賀県 甲賀郡 37,044 水口町
76%
55 愛知県 海部郡 36,575 弥富町
76%
60 愛知県 海部郡 35,916 甚目寺町
76%
61 宮城県 黒川郡 35,909 富谷町
76%
62 北海道 上磯郡 35,777 上磯町
76%
64 福岡県 京都郡 35,604 苅田町
76%
65 茨城県 西茨城郡 35,557 友部町
76%
66 茨城県 東茨城郡 35,296 茨城町
76%
67 群馬県 群馬郡 35,293 群馬町
76%
74 栃木県 河内郡 34,310 河内町
76%
78 京都府 相楽郡 33,683 木津町
76%
84 奈良県 磯城郡 32,934 田原本町
76%
94 兵庫県 加古郡 32,054 稲美町
76%
97 愛知県 丹羽郡 31,728 扶桑町
76%
10 茨城県 猿島郡 48,007 総和町
71%
14 埼玉県 南埼玉郡 46,999 白岡町
71%
18 千葉県 東葛飾郡 45,927 沼南町
71%
37 茨城県 猿島郡 39,718 三和町
71%
38 埼玉県 入間郡 39,711 毛呂山町
71%
47 大阪府 南河内郡 37,618 美原町
71%
48 埼玉県 北葛飾郡 37,549 庄和町
71%
79 茨城県 北相馬郡 33,466 藤代町
71%
99 静岡県 小笠郡 31,528 菊川町
71%
33 広島県 深安郡 40,361 神辺町
65%
69 岐阜県 本巣郡 35,076 穂積町
65%
86 沖縄県 中頭郡 32,777 西原町
65%
96 福井県 坂井郡 31,731 丸岡町
65%
98 福岡県 遠賀郡 31,623 水巻町
65%
100 宮城県 桃生郡 31,488 矢本町
65%
92 沖縄県 島尻郡 32,099 南風原町
59%
54 鹿児島県 姶良郡 36,846 隼人町
53%
76 埼玉県 北葛飾郡 34,049 鷲宮町
53%
87 宮崎県 宮崎郡 32,499 佐土原町
53%
93 新潟県 中蒲原郡 32,061 亀田町
53%
No matching quizzes found
Score Distribution
Percent of People with Each Score
Percentile by Number Answered
Your Score History
You have not taken this quiz